000 00651nam a2200229 a 4500
001 36013
003 BD-RjUL
005 20211209052422.0
008 150613s2014 bg a b 000 0 eng d
035 _a(BD-RjUL) 36110
040 _aBD-RjUL
_cBD-RjUL
_dBD-RjUL
_beng
041 _aeng
082 _a338.9
_bMAD 2014
_223
100 _aMahmud, Anu.
_9116876
245 _aDemocracy governance Development /
_cAnu Mahmud.
260 _aDhaka :
_bNalonda,
_c2014.
300 _a256 p. ;
_c22cm.
650 _aEconomic development
_x Political aspects.
_9116877
650 _aDemocracy.
_9116593
650 _aEconomic policy.
_9116878
942 _2ddc
_cBK
999 _c36013
_d36013